ENHANCING THE PROFESSIONAL CULTURE & ACADEMIC HEALTH SCIENCES CENTERS (Record no. 15229)

MARC details
000 -LEADER
fixed length control field 00341nam a22001337a 4500
003 - CONTROL NUMBER IDENTIFIER
control field SGT
020 ## - INTERNATIONAL STANDARD BOOK NUMBER
International Standard Book Number 978-1846195235
082 ## - DEWEY DECIMAL CLASSIFICATION NUMBER
Classification number 610
Item number E13I
100 ## - MAIN ENTRY--PERSONAL NAME
Personal name INUI, THOMAS S.
245 ## - TITLE STATEMENT
Title ENHANCING THE PROFESSIONAL CULTURE & ACADEMIC HEALTH SCIENCES CENTERS
260 ## - PUBLICATION, DISTRIBUTION, ETC. (IMPRINT)
Place of publication, distribution, etc LONDON
Name of publisher, distributor, etc RADCLIFFE PUB.
Year of Publication 2013
300 ## - PAGE DESCRIPTION
No. of Pages 202
942 ## - ADDED ENTRY ELEMENTS (KOHA)
Source of classification or shelving scheme Dewey Decimal Classification
Koha item type Books
Holdings
Withdrawn status Lost status Source of classification or shelving scheme Damaged status Not for loan Collection code Home library Current library Shelving location Date acquired Vendor Name SGTU Bill Number Total Checkouts Full call number Accession No. (Barcode) Date last seen Bill Date Koha item type
    Dewey Decimal Classification   Not For Loan MEDICAL SGT Medical Library SGT Medical Library Reference Book 12/02/2018 ABC SGTU 9254   610 E13I FM10537 12/02/2018 03/02/2018 Books